| 000 | 00538nam#a22002175a#4500 | ||
|---|---|---|---|
| 001 | 1646 | ||
| 008 | 101201s2010####ag#####e######000#0#spa#d | ||
| 245 | 1 | 3 |
_aLa chica de la motito anaranjada / _cHugo Racca. |
| 250 | _a1ยช ed. | ||
| 260 |
_aCasilda : _bLetras de Casilda, _c2010. |
||
| 300 |
_a125 p. ; _c21 cm. |
||
| 100 | 1 | _aRacca, Hugo. | |
| 080 | _a860(82)-31 | ||
| 084 | _aR12 | ||
| 653 | _aLiteratura argentina | ||
| 653 | _aNovelas | ||
| 040 |
_aAR-ClEAG _cAR-ClEAG |
||
| 005 | 20241107184717.0 | ||
| 003 | AR-ClEAG | ||
| 942 | _cBK | ||
| 999 |
_c1646 _d1646 |
||
| 980 |
_62 _aEvangelina Gallicchio _82 _gEvangelina Gallicchio |
||